ბათუმის შოთა რუსთაველის სახელმწიფო უნივერსიტეტის ბიბლიოთეკა

Analytic geometry / (ბიბ.ჩანაწერი № 36340)

000 -LEADER
fixed length control field 00772pam a2200241 a 4500
001 - CONTROL NUMBER
control field 2562006
005 - DATE AND TIME OF LATEST TRANSACTION
control field 20221116103254.0
008 - FIXED-LENGTH DATA ELEMENTS--GENERAL INFORMATION
fixed length control field 950829s1996 enka 001 0 eng
010 ## - LIBRARY OF CONGRESS CONTROL NUMBER
LC control number 95040781
020 ## - INTERNATIONAL STANDARD BOOK NUMBER
International Standard Book Number 0534948545 (acidfree paper) x
050 00 - LIBRARY OF CONGRESS CALL NUMBER
Classification number QA551
Item number .R48 1996
080 ## - UNIVERSAL DECIMAL CLASSIFICATION NUMBER
Universal Decimal Classification number 514 R-54
100 1# - MAIN ENTRY--PERSONAL NAME
Personal name Riddle, Douglas F.
9 (RLIN) 687
245 10 - TITLE STATEMENT
Title Analytic geometry /
Statement of responsibility, etc. Douglas F. Riddle.
250 ## - EDITION STATEMENT
Edition statement 6th ed.
260 ## - PUBLICATION, DISTRIBUTION, ETC.
Place of publication, distribution, etc. Boston :
Name of publisher, distributor, etc. PWS Pub. Co.,
Date of publication, distribution, etc. c1996.
300 ## - PHYSICAL DESCRIPTION
Extent xvii, 473 p. :
Other physical details ill. ;
Dimensions 25 cm.
500 ## - GENERAL NOTE
General note Includes index.
650 #0 - SUBJECT ADDED ENTRY--TOPICAL TERM
Topical term or geographic name entry element Geometry, Analytic.
9 (RLIN) 688
906 ## - LOCAL DATA ELEMENT F, LDF (RLIN)
a 7
b cbc
c orignew
d 1
e ocip
f 19
g y-gencatlg
942 ## - ADDED ENTRY ELEMENTS (KOHA)
Source of classification or shelving scheme
Koha item type წიგნი
ეგზემპლარები
Withdrawn status Lost status Source of classification or shelving scheme Damaged status Not for loan Permanent Location Current Location Shelving location Date acquired Cost, normal purchase price Full call number Barcode Date last seen Copy number Price effective from Koha item type Public note
          ბათუმის შოთა რუსთაველის სახელმწიფო უნივერსიტეტის მთავარი ბიბლიოთეკა ბათუმის შოთა რუსთაველის სახელმწიფო უნივერსიტეტის მთავარი ბიბლიოთეკა წიგნსაცავი 2018-12-17 550.00 514 R-54 4109 2018-12-17 4109 2018-12-17 წიგნი 550 ლ.
          ბათუმის შოთა რუსთაველის სახელმწიფო უნივერსიტეტის მთავარი ბიბლიოთეკა ბათუმის შოთა რუსთაველის სახელმწიფო უნივერსიტეტის მთავარი ბიბლიოთეკა წიგნსაცავი 2019-05-03 550.00 514 R-54 2599 2019-05-03 2599 2019-05-03 წიგნი 550 ლ.